Súvislosti ekonomickej výkonnosti a formovania bohatstva v európskych ekonomikách bakalárska práca

Salvato in:
Dettagli Bibliografici
Autore principale: Panáková, Vanda
Ente Autore: Národohospodárska fakulta EU. Katedra hospodárskej politiky
Altri autori: Morvay, Karol, 1973-
Natura: Libro
Lingua:slovacco
Pubblicazione: Bratislava 2018
Tags: Aggiungi Tag
Nessun Tag, puoi essere il primo ad aggiungerne!!

MARC

LEADER 00000nbm a2200000 4500
001 0245987
005 20181214122601.8
041 0 |a slo 
044 |a SK 
245 1 0 |a Súvislosti ekonomickej výkonnosti a formovania bohatstva v európskych ekonomikách  |b bakalárska práca  |c Vanda Panáková ; školiteľ: Karol Morvay 
264 1 |a Bratislava  |c 2018 
300 |a 66 s. 
100 1 |a Panáková, Vanda 
700 1 |a Morvay, Karol, 1973- 
710 2 |a Národohospodárska fakulta EU. Katedra hospodárskej politiky